Villes de France par plan #4 - Statistiques

Statistiques générales
  • Ce quiz a été pris 33 fois
  • Le résultat moyen est 4 sur 10
Statistiques - réponses
Par images Hint Réponse % Correct
R Reims
69%
C Calais
48%
E Evreux
45%
B Brest
41%
B Boulogne-sur-Mer
34%
B Bayonne
31%
M Mamoudzou
31%
C Cayenne
28%
M Mâcon
17%
M Montlucon
14%
Aucun quiz correspondant
Distribution des résultats
% des personnes avec chaque résultat
Percentile par nombre de réponses
Votre historique - résultats
Vous n’avez pas pris ce quiz